| 000 | 00627nam a2200253Ia 4500 | ||
|---|---|---|---|
| 003 | OSt | ||
| 005 | 20220912150415.0 | ||
| 006 | a|||||r|||| 00| 0 | ||
| 007 | ta | ||
| 008 | 220909b |||||||| |||| 00| 0 eng d | ||
| 024 | _a54640 | ||
| 037 | _cTextual | ||
| 040 |
_aCSL _beng _cCSL |
||
| 041 | _aeng | ||
| 082 | _aK97:12.2, K7 | ||
| 100 | _aSchaller G B | ||
| 245 | 0 | _aDeer and the tiger | |
| 260 |
_aChicago _bUniversity of Chicago _c1967 |
||
| 300 |
_axv,370p. _ccm. |
||
| 650 | _a Mammalia | ||
| 650 | _aZoology | ||
| 942 |
_hK97:12.2, K7 _cTEXL _2CC |
||
| 999 |
_c46891 _d46891 |
||